000
00210 a2200097 4500
001
15559
100
_a
Gibbons, J F
245
_a
Semiconductor Electronics
260
_a
_b
Mcgraw Hill
_c
090
_c
12140
_d
12140
942
_a
NUST-CAE
_c
M
_c
2382
999
_c
250632
_d
250632